000 00637nam a2200277Ia 4500
005 20260324150748.0
008 008 260324s9999 xx 000 0 eng d
020 _a9780429442452
037 _aEBOOK
040 _aCRL
040 _beng
040 _cCRL
041 _2eng
041 _aeng
084 _qCRL
100 _aW. Kenneth Richmond
_91224990
245 0 _aBlueprint for a Common School
260 _bTaylor and Francis
260 _c1943
365 _a
365 _b160
856 _uhttp://www.taylorfrancis.com/books/9780429442452
942 _cEBOOK
999 _c1837566
_d1837566